Sekuntum bunga sena
| Main Author: | |
|---|---|
| Other Authors: | |
| Format: | Book |
| Published: |
Kuala Lumpur :
Creative Enterprise ,
1991
|
| Series: | Novel creative
|
MARC
| LEADER | 00000cam a2200000 7i4500 | ||
|---|---|---|---|
| 001 | 0000009685 | ||
| 002 | 000010550 | ||
| 005 | 20000330.0 | ||
| 020 | |a 9838930334 | ||
| 090 | 0 | 0 | |a F |b ABD |
| 100 | 0 | |a Abd. Talib Hassan | |
| 245 | 0 | 0 | |a Sekuntum bunga sena |c Abd.Talib Hassan |
| 260 | |a Kuala Lumpur : |b Creative Enterprise , |c 1991 | ||
| 300 | |a 183 p. ; |c 18 cm. | ||
| 490 | 0 | |a Novel creative | |
| 700 | 0 | |a Limat , |e ill | |
| 999 | |a 022146 |b BUKU |c PINJAMAN |e PERPUSTAKAAN KOMUNITI PETALING JAYA | ||